000 00722nam a2200253Ia 4500
003 OSt
005 20221005024835.0
006 a|||||r|||| 00| 0
007 ta
008 221004b |||||||| |||| 00| 0 ara d
020 _c90
024 _a108229
037 _b347, 01/02/2011, Nadwi Publications
_cTextual
040 _aCRL
_cCRL
_bara
041 _2ara
_aara
082 _aO28,1x, M9
100 _aAhmed Abdel Muti
_9581142
245 0 _aKainaat ma likah al-lail
260 _aCairo
_bDarul Akhbare Alyoum
_c1989
300 _a130p.
_ccm.
650 _aARABIC LITERATURE
942 _hO28,1x, M9
_cTEXL
_2cc
999 _c933536
_d933536